Sports Quiz

Random Sports or Letter Quiz
Score 0/12 Timer 03:00
0 Plays Today
Sports League Sports Team % Correct
NBAUtah Jazz
82%
NBAMemphis Grizzlies
79%
NFLTampa Bay Buccaneers
77.2%
NFLPittsburgh Steelers
67.5%
MLBNew York Yankees
65%
NFLBuffalo Bills
64.5%
NBAChicago Bulls
62.4%
NBALos Angeles Clippers
59.3%
NBADenver Nuggets
55.3%
MLBPhiladelphia Phillies
46.9%
NBAGolden State Warriors
46.2%
NHLCarolina Hurricanes
33.7%
Remove Ads.
Support Sporcle.
Get the best of Sporcle when you Go Orange. This ad-free experience offers more features, more stats, and more fun while also helping to support Sporcle. Thank you for becoming a member.

You're not logged in!

Compare scores with friends on all Sporcle quizzes.
OR
Log In

Sporcle TV

Today on Sporcle TV


Watch our educational content, quiz creation guides, and fun videos on Sporcle TV.

Show Comments

Extras

Top Quizzes Today


Score Distribution

Paid Content

Your Account Isn't Verified!

In order to create a playlist on Sporcle, you need to verify the email address you used during registration. Go to your Sporcle Settings to finish the process.

Report this User

Report this user for behavior that violates our Community Guidelines.

Details: